| 000 | 00705nam a22001937a 4500 | ||
|---|---|---|---|
| 999 |
_c15647 _d15647 |
||
| 003 | AR-CdUCM | ||
| 008 | 190429b ||||| |||| 00| 0 spa d | ||
| 040 |
_aMUNICIPALIDAD PROVINCIAL DEL CUSCO _cBIBLIOTECA MUNICIPAL DEL CUSCO |
||
| 082 |
_a050.856 / _bV18 / 1947 |
||
| 100 |
_aValcarcel, Gustavo _9737 |
||
| 245 | _aPublicaciones pueblo / | ||
| 260 |
_a[Lima]. _bEsso, _c1947. |
||
| 300 |
_a99 páginas ; _bIlustraciones, _c21 cm. |
||
| 505 | _aContenido: t.2. Elegía a Cesar Vallejo -- Llanuras de lagrima -- Querellas del jardín -- Actitud para el silencio... | ||
| 650 |
_aLiteratura peruana _9169 |
||
| 650 |
_aPublicaciones periódicas _932056 |
||
| 942 |
_2ddc _cLIBROS |
||
| 945 |
_aacv _d2019-04-29 |
||